[Event "III Festival A"]
[Site "Lido degli Estensi - Comacchio ITA"]
[Date "2002.06.14"]
[Round "7"]
[White "Drazic, Sinisa"]
[Black "Olarasu, Gabriela"]
[Result "1/2-1/2"]
[WhiteElo "2474"]
[BlackElo "2289"]
[PlyCount "157"]
[EventDate "2002.06.07"]

1. Nf3 d5 2. d4 Nf6 3. c4 c6 4. Nc3 a6 5. e3 b5 6. b3 Bg4 7. Bd3 e6 8. O-O Be7
9. h3 Bh5 10. a4 b4 11. Ne2 Bxf3 12. gxf3 c5 13. Bb2 O-O 14. dxc5 dxc4 15. Bxc4
Nfd7 16. Ng3 Nxc5 17. Qe2 Bf6 18. Rad1 Nbd7 19. Bxf6 Qxf6 20. f4 a5 21. Kh2 Qe7
22. Qb2 Nf6 23. f5 e5 24. f3 Rfd8 25. e4 Rd6 26. Rxd6 Qxd6 27. Bd5 Nxd5 28. Rd1
Nd7 29. Rxd5 Qc7 30. Nf1 f6 31. Qd2 Nb6 32. Rd6 Rc8 33. Ne3 Qc5 34. Kg3 Kf7 35.
h4 Qc3 36. Qe2 Qc5 37. Rd3 Qc1 38. Qf2 Rc3 39. Qe2 Qg1+ 40. Ng2 Qc1 41. Rd8 Rc8
42. Rxc8 Nxc8 43. Qa6 Ne7 44. Qxa5 Qc3 45. Qb6 Qxb3 46. a5 Qc4 47. Ne3 Qd4 48.
Qe6+ Kf8 49. Qb3 Nc6 50. a6 Qb6 51. Qd3 b3 52. Nc4 Qg1+ 53. Kh3 Qh1+ 54. Kg4
Qg1+ 55. Kh5 Nd4 56. Qd2 Qg3 57. Qb4+ Ke8 58. Qb8+ Kd7 59. Qb7+ Kd8 60. Qd5+
Ke7 61. Qc5+ Kd8 62. Qf8+ Kd7 63. Qf7+ Kd8 64. Qd5+ Ke7 65. Qc5+ Kd8 66. Qb6+
Kd7 67. Qb7+ Kd8 68. Qb8+ Kd7 69. Qa7+ Kd8 70. Qb6+ Ke7 71. Qb7+ Kd8 72. Qd5+
Ke7 73. Qc5+ Kd8 74. Nd2 Nxf3 75. Qa5+ Ke7 76. Qb4+ Kd7 77. Qa4+ Ke7 78. Qa3+
Kd7 79. Qa4+ 1/2-1/2

[Event "III Festival A"]
[Site "Lido degli Estensi - Comacchio ITA"]
[Date "2002.06.14"]
[Round "7"]
[White "Happel, Hendrik A."]
[Black "Mrdja, Milan"]
[Result "0-1"]
[WhiteElo "2255"]
[BlackElo "2411"]
[PlyCount "80"]
[EventDate "2002.06.07"]

1. d4 Nf6 2. c4 c5 3. d5 e6 4. Nc3 exd5 5. cxd5 d6 6. e4 g6 7. f4 Bg7 8. Bb5+
Nfd7 9. Nf3 O-O 10. O-O Na6 11. Re1 Nc7 12. Bf1 Re8 13. a4 a6 14. Nd2 Bd4+ 15.
Kh1 Nf6 16. Be2 Bxc3 17. bxc3 Nxe4 18. Nxe4 Rxe4 19. Bd3 Bg4 20. Qd2 Rxe1+ 21.
Qxe1 Qf6 22. Bd2 Re8 23. Qg3 Be2 24. Re1 Bxd3 25. Rxe8+ Nxe8 26. Qxd3 Qf5 27.
Qxf5 gxf5 28. c4 b6 29. Kg1 Kf8 30. Kf2 Ke7 31. Ke2 Kd7 32. Kd3 Kc7 33. Be1 Kd7
34. Bd2 Nc7 35. Kc3 b5 36. axb5 axb5 37. Kb3 Kc8 38. Be1 Kb7 39. Bh4 Na8 40.
Be7 bxc4+ 0-1

[Event "III Festival A"]
[Site "Lido degli Estensi - Comacchio ITA"]
[Date "2002.06.14"]
[Round "7"]
[White "Kohlweyer, Bernd"]
[Black "Mitkov, Nikola"]
[Result "1/2-1/2"]
[WhiteElo "2453"]
[BlackElo "2493"]
[PlyCount "45"]
[EventDate "2002.06.07"]

1. d4 Nf6 2. Nf3 d5 3. c4 e6 4. Nc3 Bb4 5. Bg5 h6 6. Bxf6 Qxf6 7. Qb3 c5 8.
cxd5 exd5 9. a3 Bxc3+ 10. Qxc3 Nd7 11. e3 O-O 12. Be2 b6 13. O-O Bb7 14. h3
Rfc8 15. Rfc1 c4 16. Ne5 Nxe5 17. dxe5 Qg6 18. Qd4 Rc5 19. f4 Re8 20. Bf3 Qg3
21. Rc2 Kh8 22. Rf1 Rd8 23. Bh5 1/2-1/2

[Event "III Festival A"]
[Site "Lido degli Estensi - Comacchio ITA"]
[Date "2002.06.14"]
[Round "7"]
[White "Lamoureux, Charles"]
[Black "Sulava, Nenad"]
[Result "1-0"]
[WhiteElo "2386"]
[BlackElo "2548"]
[PlyCount "109"]
[EventDate "2002.06.07"]

1. d4 Nf6 2. Nf3 d5 3. g3 g6 4. Bg2 Bg7 5. c4 dxc4 6. Qa4+ Nfd7 7. O-O Nc6 8.
Qxc4 O-O 9. Rd1 Nb6 10. Qc2 Bf5 11. e4 Bg4 12. d5 Bxf3 13. Bxf3 Nd4 14. Qd3 c5
15. dxc6 bxc6 16. Bg2 Qc8 17. Nc3 Rd8 18. Qf1 Qe6 19. Bf4 h6 20. Rac1 g5 21.
Be3 Rd6 22. b3 Rad8 23. f4 gxf4 24. gxf4 Qg4 25. Kh1 e5 26. Qf2 Qh5 27. Rg1
exf4 28. Bxf4 Rg6 29. Rcd1 c5 30. e5 Bxe5 31. Be4 Bxf4 32. Bxg6 fxg6 33. Qxf4
g5 34. Qg3 Nd7 35. Rgf1 Nf8 36. Ne4 Qg6 37. Qe5 Nh7 38. Rde1 Qc6 39. Qxc5 Qa8
40. Qc4+ Kg7 41. Qc3 Qd5 42. Kg1 Kg8 43. Qc4 Qxc4 44. bxc4 Kg7 45. c5 g4 46.
Kg2 Nf3 47. Re2 Nf8 48. Nd6 Ng6 49. Kg3 h5 50. h4 Rf8 51. c6 Nd4 52. Rxf8 Nxe2+
53. Kf2 Kxf8 54. c7 Ne7 55. Kxe2 1-0

[Event "III Festival A"]
[Site "Lido degli Estensi - Comacchio ITA"]
[Date "2002.06.14"]
[Round "7"]
[White "Lamoureux, Izabelle"]
[Black "Groffen, Hans"]
[Result "1-0"]
[WhiteElo "2039"]
[BlackElo "2230"]
[PlyCount "99"]
[EventDate "2002.06.07"]

1. e4 e6 2. d4 d5 3. Nd2 Nf6 4. e5 Nfd7 5. Bd3 c5 6. c3 Nc6 7. Ne2 cxd4 8. cxd4
f6 9. exf6 Nxf6 10. O-O Bd6 11. Nf3 Qc7 12. Bg5 O-O 13. Rc1 Bd7 14. Bb1 Be8 15.
Ng3 Nh5 16. Re1 Nf4 17. Ne5 Bxe5 18. Rxe5 Qb6 19. Bxf4 Rxf4 20. Rxe6 Qxb2 21.
Bxh7+ Kf8 22. Ne2 Rh4 23. Rb1 Qa3 24. Rb3 Qa5 25. Rf3+ Bf7 26. Bg6 Nd8 27. Re5
Rc8 28. Nf4 Rh6 29. Bxf7 Nxf7 30. Nxd5 Qxa2 31. Ref5 Rf6 32. Nxf6 gxf6 33. h3
Qb2 34. Kh2 Rc6 35. Qe1 Qxd4 36. Qb1 Qd6+ 37. g3 b6 38. Qb2 Ke7 39. h4 Ne5 40.
Re3 Kd7 41. Kg2 Qd5+ 42. f3 Qd1 43. Re2 Nc4 44. Qa2 a5 45. Rf4 Qc1 46. Rd4+ Kc7
47. Re7+ Kc8 48. Qe2 Qb2 49. Qxb2 Nxb2 50. Rg4 1-0

[Event "III Festival A"]
[Site "Lido degli Estensi - Comacchio ITA"]
[Date "2002.06.14"]
[Round "7"]
[White "Molina, Fabrizio"]
[Black "Poropat, Marijan"]
[Result "1/2-1/2"]
[WhiteElo "2278"]
[BlackElo "2135"]
[PlyCount "122"]
[EventDate "2002.06.07"]

1. c4 g6 2. Nc3 Bg7 3. g3 d6 4. Bg2 Nf6 5. e4 O-O 6. Nge2 Nc6 7. O-O a6 8. Rb1
Nd7 9. d3 Rb8 10. Be3 Nce5 11. h3 f5 12. f4 Nf7 13. d4 b5 14. e5 Nb6 15. cxb5
Nc4 16. Bc1 axb5 17. Qc2 Qd7 18. b3 Na5 19. Bd2 c5 20. Nd5 Nc6 21. dxc5 dxe5
22. Bc3 e4 23. Rfd1 Qa7 24. Bxg7 Kxg7 25. b4 Be6 26. Nec3 Rfd8 27. Bf1 g5 28.
Nxb5 Rxb5 29. Bxb5 Bxd5 30. Rxd5 Rxd5 31. Bxc6 Rd3 32. Rb3 Rxb3 33. Qxb3 e5 34.
Bd5 exf4 35. gxf4 Qb8 36. Qc3+ Kg6 37. Bxf7+ Kxf7 38. fxg5 Qf4 39. c6 e3 40.
Qb3+ Kf8 41. Qc2 Qxg5+ 42. Kh1 e2 43. Qxe2 Qc1+ 44. Kh2 Qxc6 45. b5 Qd6+ 46.
Kg2 Qd5+ 47. Kg3 Qd4 48. Qe6 Qg1+ 49. Kf4 Qh2+ 50. Kxf5 Qxh3+ 51. Ke5 Qh2+ 52.
Kd4 Qf2+ 53. Kc3 Qc5+ 54. Qc4 Qa3+ 55. Qb3 Qc5+ 56. Kb2 Qe5+ 57. Ka3 Ke7 58.
Qb4+ Qd6 59. b6 Kd7 60. b7 Qxb4+ 61. Kxb4 Kc7 1/2-1/2

[Event "III Festival A"]
[Site "Lido degli Estensi - Comacchio ITA"]
[Date "2002.06.14"]
[Round "7"]
[White "Ortega, Lexy"]
[Black "Cedikova, Katerina"]
[Result "1-0"]
[WhiteElo "2463"]
[BlackElo "2168"]
[PlyCount "79"]
[EventDate "2002.06.07"]

1. d4 Nf6 2. Nf3 c5 3. d5 g6 4. Nc3 Bg7 5. e4 d6 6. Bb5+ Nbd7 7. a4 O-O 8. h3
a6 9. Be2 b6 10. O-O Ne8 11. Bf4 Nc7 12. Qd2 Rb8 13. Bh6 b5 14. axb5 axb5 15.
Bxg7 Kxg7 16. b4 f6 17. Rfb1 Ne5 18. Nxe5 fxe5 19. bxc5 b4 20. Qe3 Rf4 21. Bd3
Ba6 22. Ne2 Bxd3 23. Qxd3 Rf7 24. Qc4 Qf8 25. f3 Rb5 26. c6 Qb8 27. Qd3 Qb6+
28. Kh1 Rf8 29. c4 Ra5 30. Rxa5 Qxa5 31. f4 Ra8 32. fxe5 dxe5 33. Qb3 Qa2 34.
Qxa2 Rxa2 35. Rxb4 Rxe2 36. Rb7 Rxe4 37. Rxc7 Rxc4 38. d6 Kf7 39. d7 Rd4 40.
Rc8 1-0

[Event "III Festival A"]
[Site "Lido degli Estensi - Comacchio ITA"]
[Date "2002.06.14"]
[Round "7"]
[White "Popa, Claudiu"]
[Black "Sciortino, Massimo"]
[Result "1-0"]
[WhiteElo "2077"]
[BlackElo "2204"]
[PlyCount "92"]
[EventDate "2002.06.07"]

1. e4 d6 2. d4 Nf6 3. Bd3 g6 4. c3 Bg7 5. f4 O-O 6. Nf3 c5 7. dxc5 dxc5 8. e5
Nh5 9. O-O Nc6 10. Be3 b6 11. Be4 Qc7 12. Qd5 Na5 13. Qxa8 Be6 14. Ng5 Bc4 15.
Qxf8+ Bxf8 16. Rf2 f6 17. Nf3 Bh6 18. g3 Bf7 19. Na3 a6 20. Rd1 b5 21. Rfd2 Be6
22. b3 Bg4 23. Rd8+ Kg7 24. R1d5 Nb7 25. Ra8 Be6 26. Rd1 fxe5 27. Ra7 Bc8 28.
Nxe5 Nf6 29. Bf3 Ne8 30. Rxa6 Nbd6 31. Rc6 Qa5 32. Bxc5 Bb7 33. Rb6 Bxf3 34.
Nxf3 Ne4 35. Bd4+ N8f6 36. Nxb5 Qxa2 37. Nc7 Qe2 38. Rf1 Nd6 39. Re1 Qxf3 40.
Rxe7+ Kf8 41. Bxf6 Qd1+ 42. Kg2 Qc2+ 43. Kh3 Qf5+ 44. Kg2 Qc2+ 45. Kh3 Qf5+ 46.
g4 Qxf6 1-0

[Event "III Festival A"]
[Site "Lido degli Estensi - Comacchio ITA"]
[Date "2002.06.14"]
[Round "7"]
[White "Ronchetti, Niccolo'"]
[Black "Van Hoolandt, Patrick"]
[Result "1-0"]
[WhiteElo "2040"]
[BlackElo "2157"]
[PlyCount "73"]
[EventDate "2002.06.07"]

1. e4 e5 2. Nf3 Nc6 3. Bb5 a6 4. Ba4 Nf6 5. O-O Nxe4 6. d4 b5 7. Bb3 d5 8. dxe5
Be6 9. Nbd2 Nc5 10. c3 d4 11. cxd4 Nxd4 12. Nxd4 Qxd4 13. Bxe6 Nxe6 14. Qf3 Rd8
15. Qc6+ Qd7 16. Qxa6 Bb4 17. Qb7 O-O 18. Qe4 Bxd2 19. Rd1 Qd5 20. Qxd5 Rxd5
21. Rxd2 Rxe5 22. Kf1 Re8 23. Rd1 b4 24. a3 b3 25. Be3 f5 26. Rac1 f4 27. Ba7
Ra8 28. Bd4 Rd5 29. Bc3 Rad8 30. Ke2 Nc5 31. Rxd5 Rxd5 32. Rd1 Rg5 33. Kf3 Rf5
34. Rd4 g5 35. Rd8+ Kf7 36. Kg4 Ke7 37. Rd1 1-0

[Event "III Festival A"]
[Site "Lido degli Estensi - Comacchio ITA"]
[Date "2002.06.14"]
[Round "7"]
[White "Rotstein, Arkadij"]
[Black "Misanovic, Vesna"]
[Result "1/2-1/2"]
[WhiteElo "2553"]
[BlackElo "2347"]
[PlyCount "112"]
[EventDate "2002.06.07"]

1. c4 e5 2. g3 Nc6 3. Bg2 g6 4. Nc3 Bg7 5. Rb1 a5 6. a3 d6 7. b4 axb4 8. axb4
f5 9. b5 Nce7 10. e3 Be6 11. Nd5 c6 12. Nxe7 Nxe7 13. Qb3 O-O 14. Ne2 Qd7 15.
bxc6 bxc6 16. O-O g5 17. f4 gxf4 18. exf4 Qa7+ 19. Kh1 Rfb8 20. Qc2 Rxb1 21.
Qxb1 Bxc4 22. d3 Be6 23. fxe5 dxe5 24. Ng1 Rb8 25. Qc2 Qa2 26. Qxa2 Bxa2 27.
Bg5 Nd5 28. Rxf5 h6 29. Bc1 Rb1 30. Rf1 Nb4 31. Ne2 Bd5 32. Nc3 Bxg2+ 33. Kxg2
Rb3 34. Ne4 Rxd3 35. Nf6+ Kh8 36. Nh5 Rd7 37. Kh3 Nd3 38. Be3 e4 39. Rb1 Kh7
40. Rb8 Kg6 41. Nxg7 Rxg7 42. Rh8 Rh7 43. Re8 Rf7 44. Kh4 Ne1 45. Kh3 Nc2 46.
Bf4 e3 47. Kg2 h5 48. Kh3 Rf6 49. Bxe3 Nxe3 50. Rxe3 c5 51. Re5 Rf5 52. Re8 Rd5
53. Rc8 Re5 54. Rc6+ Kg5 55. Rc8 Rd5 56. Rg8+ Kh6 1/2-1/2

[Event "III Festival A"]
[Site "Lido degli Estensi - Comacchio ITA"]
[Date "2002.06.14"]
[Round "7"]
[White "Skembris, Spyridon"]
[Black "Valenti, Richard"]
[Result "1-0"]
[WhiteElo "2429"]
[BlackElo "2152"]
[PlyCount "121"]
[EventDate "2002.06.07"]

1. d4 g6 2. c4 Nf6 3. Nc3 Bg7 4. e4 O-O 5. Bd3 d6 6. Nge2 Nc6 7. O-O e5 8. d5
Ne7 9. Rb1 Nd7 10. Kh1 a5 11. a3 f5 12. exf5 gxf5 13. f4 e4 14. Bc2 Nf6 15. Be3
Bd7 16. Ba4 Bc8 17. h3 Kh8 18. Nd4 Ng6 19. Rc1 Qe7 20. Nce2 Rg8 21. Ng3 Nh4 22.
Rc2 Qf7 23. Qe1 Qg6 24. Rg1 Qh6 25. Nf1 Ng4 26. Nh2 Nxe3 27. Qxe3 Qf6 28. Ne2
Ng6 29. g4 Rf8 30. g5 Qd8 31. Qg3 Bd7 32. Bxd7 Qxd7 33. h4 Ne7 34. h5 Kg8 35.
Nf1 c5 36. Nc3 Kf7 37. Ne3 Rg8 38. Qh3 Ke8 39. Nb5 Kd8 40. Rd2 Bh8 41. Rg3 Rf8
42. Ng2 b6 43. Nh4 Kc8 44. g6 hxg6 45. Nxg6 Nxg6 46. Rxg6 Bf6 47. Qxf5 Qxf5 48.
Nxd6+ Kd7 49. Nxf5 Bc3 50. bxc3 Rxf5 51. Rg7+ Kd6 52. Rdg2 Rxh5+ 53. Kg1 Rh6
54. Kf2 Rah8 55. Rb7 Rh2 56. Rxb6+ Kd7 57. Rxh2 Rxh2+ 58. Ke3 Rh3+ 59. Kxe4
Rxc3 60. Ra6 Rxc4+ 61. Ke5 1-0

[Event "III Festival A"]
[Site "Lido degli Estensi - Comacchio ITA"]
[Date "2002.06.14"]
[Round "7"]
[White "Tatai, Stefano"]
[Black "Roeder, Matthias"]
[Result "1/2-1/2"]
[WhiteElo "2358"]
[BlackElo "2487"]
[PlyCount "79"]
[EventDate "2002.06.07"]

1. e4 c5 2. Nf3 d6 3. d4 cxd4 4. Nxd4 Nf6 5. Nc3 a6 6. f4 e5 7. Nf3 Nbd7 8. a4
Be7 9. Bd3 O-O 10. O-O Nc5 11. Kh1 exf4 12. Bxf4 Bg4 13. Qd2 Bh5 14. Nd4 Bg6
15. Nf5 Bxf5 16. exf5 d5 17. Be5 Ncd7 18. Bd4 Bc5 19. Ne2 Bxd4 20. Nxd4 Qb6 21.
c3 Rfe8 22. a5 Qc7 23. Qf4 Ne5 24. Bc2 Rac8 25. Bb3 Nd3 26. Qxc7 Rxc7 27. Rab1
Ne4 28. Bc2 Ne5 29. Rfe1 Nc4 30. Bb3 Kf8 31. Bxc4 dxc4 32. Kg1 Rc5 33. Ra1 Nd6
34. Rxe8+ Kxe8 35. g4 h5 36. h3 hxg4 37. hxg4 Ke7 38. Kg2 Nb5 39. Nf3 Kf6 40.
Rd1 1/2-1/2

[Event "III Festival A"]
[Site "Lido degli Estensi - Comacchio ITA"]
[Date "2002.06.14"]
[Round "7"]
[White "Tomba, Ivan"]
[Black "De Marco, Walter"]
[Result "0-1"]
[WhiteElo "2121"]
[BlackElo "1702"]
[PlyCount "68"]
[EventDate "2002.06.07"]

1. e4 g6 2. d4 Bg7 3. Nc3 d6 4. f4 a6 5. Nf3 b5 6. Bd3 Bb7 7. O-O Nd7 8. Qe1 c5
9. d5 c4 10. Be2 Ngf6 11. a3 Nc5 12. Bd1 a5 13. e5 Nxd5 14. Nxb5 Qb6 15. Nbd4
Ne6 16. Qf2 Nxd4 17. Nxd4 O-O 18. Nf3 Qxf2+ 19. Rxf2 Rfd8 20. Be2 Ba6 21. Bd2
Rdb8 22. Bc1 Rd8 23. c3 a4 24. Nd4 dxe5 25. fxe5 Rdc8 26. Bf3 Bb7 27. Re2 e6
28. Bg5 Rcb8 29. Nb5 h6 30. Bh4 Nf4 31. Rf2 Bxf3 32. Rxf3 Rxb5 33. Rxf4 g5 34.
Rxc4 gxh4 0-1

[Event "III Festival A"]
[Site "Lido degli Estensi - Comacchio ITA"]
[Date "2002.06.14"]
[Round "7"]
[White "Troffiguer, Olivier"]
[Black "Brumen, Dinko"]
[Result "0-1"]
[WhiteElo "2148"]
[BlackElo "2408"]
[PlyCount "100"]
[EventDate "2002.06.07"]

1. d4 d5 2. Nf3 Nf6 3. c4 e6 4. Nc3 Nbd7 5. Bg5 c6 6. Qb3 Qa5 7. Bd2 dxc4 8.
Qxc4 Qb6 9. Rb1 Be7 10. e3 O-O 11. Be2 c5 12. dxc5 Nxc5 13. b4 Na6 14. O-O Rd8
15. Na4 Qc7 16. Rfc1 Qxc4 17. Bxc4 Nc7 18. Nc3 b6 19. Be1 Bb7 20. Nd4 Rac8 21.
Ncb5 Nxb5 22. Bxb5 Be4 23. Nc6 Rxc6 24. Bxc6 Bxb1 25. Rxb1 Nd5 26. Rd1 f5 27.
b5 Kf7 28. g3 Bc5 29. Bc3 g5 30. Be5 h5 31. Bc7 Rc8 32. Bxd5 exd5 33. Be5 Ke6
34. Bd4 Bxd4 35. Rxd4 Rc4 36. Kf1 Kd6 37. Ke2 Kc5 38. Rd2 Rb4 39. f3 Rxb5 40.
h4 gxh4 41. gxh4 Rb4 42. f4 a5 43. Kf3 a4 44. Rg2 a3 45. Rg5 Rb2 46. Rxh5 Rxa2
47. Rh8 b5 48. h5 Rh2 49. Kg3 Rh1 50. Ra8 b4 0-1

[Event "III Festival A"]
[Site "Lido degli Estensi - Comacchio ITA"]
[Date "2002.06.14"]
[Round "7"]
[White "Vospernik, Andrej"]
[Black "Ricci, Alfredo"]
[Result "1-0"]
[WhiteElo "2150"]
[BlackElo "2054"]
[PlyCount "109"]
[EventDate "2002.06.07"]

1. c4 Nf6 2. g3 g6 3. Bg2 Bg7 4. d4 c5 5. e3 O-O 6. Ne2 d6 7. O-O Nbd7 8. a4
Rb8 9. a5 b5 10. axb6 axb6 11. Ra7 b5 12. cxb5 Rxb5 13. Nbc3 Ra5 14. Rxa5 Qxa5
15. Bd2 Qa6 16. Qa1 Qd3 17. Rd1 Qc2 18. Be1 Nb6 19. Rc1 Qb3 20. dxc5 dxc5 21.
Qa3 Qb4 22. Nd5 Qxa3 23. Nxe7+ Kh8 24. bxa3 Ba6 25. Nf4 Re8 26. Ned5 Nbxd5 27.
Nxd5 Rc8 28. Nb6 Rb8 29. Ba5 Bf8 30. Bf1 Bxf1 31. Kxf1 Be7 32. Rd1 Kg7 33. Ke2
Kf8 34. Nc4 h5 35. f3 Rb7 36. Bb6 Nd7 37. Ba5 Nb8 38. Kd3 Nc6 39. Kc2 Bg5 40.
Bc3 Be7 41. Rb1 Rxb1 42. Kxb1 f5 43. Kc2 Ke8 44. a4 Kd7 45. Ne5+ Nxe5 46. Bxe5
Ke6 47. Bg7 Bd8 48. Kd3 h4 49. gxh4 Bxh4 50. Kc4 Bg5 51. e4 fxe4 52. fxe4 Be7
53. a5 Kd7 54. a6 Kc6 55. e5 1-0

[Event "III Festival A"]
[Site "Lido degli Estensi - Comacchio ITA"]
[Date "2002.06.14"]
[Round "7"]
[White "Weinberg, Emanuele"]
[Black "Lain, Luigi"]
[Result "0-1"]
[WhiteElo "1731"]
[BlackElo "2164"]
[PlyCount "94"]
[EventDate "2002.06.07"]

1. d4 d5 2. c4 e6 3. Nf3 Nf6 4. g3 Nbd7 5. Bg2 Be7 6. O-O O-O 7. b3 c6 8. Bb2
Ne4 9. Nc3 f5 10. Nd2 Bg5 11. f4 Bf6 12. Nf3 b6 13. Nxe4 fxe4 14. Ne5 Nxe5 15.
fxe5 Bg5 16. Bc1 Rxf1+ 17. Bxf1 Ba6 18. Bh3 Bc8 19. Bd2 dxc4 20. Bxg5 Qxg5 21.
bxc4 Qe3+ 22. Kh1 Bd7 23. d5 cxd5 24. cxd5 Qh6 25. Bg2 Qe3 26. dxe6 Bxe6 27.
Qd6 Re8 28. Qc6 Bf7 29. Qd6 Qc3 30. Rd1 Qxe5 31. Qxe5 Rxe5 32. Rd8+ Be8 33. Kg1
Kf7 34. e3 h6 35. Rd4 Bc6 36. g4 Kf6 37. Kf2 Rd5 38. Rc4 Rd2+ 39. Kg3 Bd5 40.
Ra4 Rxa2 41. Rd4 Ke5 42. Rd1 Re2 43. Rc1 Rxe3+ 44. Kf2 Ra3 45. Bf1 a5 46. Rc7
Rf3+ 47. Ke1 Rf7 0-1

[Event "III Festival A"]
[Site "Lido degli Estensi - Comacchio ITA"]
[Date "2002.06.14"]
[Round "7"]
[White "Wohl, Aleksandar H."]
[Black "Laketic, Gojko"]
[Result "1/2-1/2"]
[WhiteElo "2388"]
[BlackElo "2446"]
[PlyCount "102"]
[EventDate "2002.06.07"]

1. e4 c6 2. d4 d5 3. exd5 cxd5 4. Bf4 Nc6 5. c3 Bf5 6. Qb3 Qd7 7. Nf3 e6 8.
Nbd2 f6 9. Be2 g5 10. Bg3 h5 11. h3 Rc8 12. O-O Nge7 13. Qd1 Ng6 14. Ne1 h4 15.
Bh2 Bd6 16. Bg4 Bxh2+ 17. Kxh2 Qd6+ 18. Kh1 Bxg4 19. Qxg4 Nf4 20. Qf3 Ne7 21.
Nd3 Neg6 22. Rfe1 Nxd3 23. Qxd3 Nf4 24. Qf3 Rc7 25. Nb3 Re7 26. Rad1 Kf7 27.
Nc1 Qa6 28. a3 Qd6 29. Nd3 Nxd3 30. Rxd3 Qf4 31. Qe2 Qf5 32. Rf3 Qg6 33. c4 Rd8
34. c5 Rde8 35. b4 Kg7 36. b5 e5 37. Re3 Qf5 38. c6 bxc6 39. bxc6 Qf4 40. dxe5
Rxe5 41. Qc2 Rxe3 42. fxe3 Rxe3 43. Rb1 Qe4 44. Qxe4 Rxe4 45. Rd1 Rc4 46. Rxd5
Rxc6 47. Rd7+ Kg6 48. Rxa7 Kf5 49. Ra4 Rc1+ 50. Kh2 Ra1 51. g4+ hxg3+ 1/2-1/2

[Event "III Festival A"]
[Site "Lido degli Estensi - Comacchio ITA"]
[Date "2002.06.14"]
[Round "7"]
[White "Zelcic, Robert"]
[Black "Genocchio, Daniele"]
[Result "1/2-1/2"]
[WhiteElo "2547"]
[BlackElo "2326"]
[PlyCount "130"]
[EventDate "2002.06.07"]

1. e4 c5 2. Nf3 Nc6 3. d4 cxd4 4. Nxd4 Nf6 5. Nc3 e5 6. Ndb5 d6 7. Bg5 a6 8.
Na3 b5 9. Bxf6 gxf6 10. Nd5 Bg7 11. c3 f5 12. exf5 Bxf5 13. Nc2 O-O 14. Nce3
Be6 15. Bd3 f5 16. O-O Ne7 17. Nxe7+ Qxe7 18. Bxf5 Bf7 19. Qd3 h5 20. Be4 Rad8
21. Bd5 Kh8 22. a4 Be8 23. axb5 axb5 24. g3 Bh6 25. Be4 Qf6 26. Ra7 Rd7 27. Nd5
Qg7 28. Rxd7 Bxd7 29. Nb6 Bh3 30. Bg2 Bxg2 31. Kxg2 Qb7+ 32. Nd5 Kg7 33. h4 Rc8
34. Rd1 Rc4 35. Qf3 Qf7 36. Nb4 Qxf3+ 37. Kxf3 Kf7 38. Rxd6 Bc1 39. Rc6 Rxc6
40. Nxc6 Bxb2 41. Na7 Bxc3 42. Nxb5 Bb4 43. Nc7 Be1 44. Nd5 Ke6 45. Ne3 e4+ 46.
Ke2 Ba5 47. Kf1 Bb6 48. Ng2 Kf5 49. Nf4 Kg4 50. Kg2 Bd4 51. Nd5 Kf5 52. Nb4 Bb6
53. Nd5 Bd4 54. Nf4 Kg4 55. Nh3 Bc5 56. Ng5 Kf5 57. Kf1 Bb6 58. Ke2 Bc5 59. Nh3
Bd6 60. Kf1 Kg4 61. Kg2 Kf5 62. Ng1 Kg4 63. Ne2 Be5 64. Nc1 Bd4 65. Nb3 Bxf2
1/2-1/2

[Event "III Festival A"]
[Site "Lido degli Estensi - Comacchio ITA"]
[Date "2002.06.15"]
[Round "8"]
[White "Cedikova, Katerina"]
[Black "Gasperi, Fosco"]
[Result "1-0"]
[WhiteElo "2168"]
[BlackElo "1824"]
[PlyCount "49"]
[EventDate "2002.06.07"]

1. Nf3 f5 2. g3 Nf6 3. Bg2 g6 4. O-O Bg7 5. c4 O-O 6. Nc3 d6 7. d4 Qe8 8. e4
fxe4 9. Ng5 Nc6 10. Be3 e5 11. dxe5 Nxe5 12. c5 h6 13. Ngxe4 Nxe4 14. Nxe4 Bg4
15. Qb3+ Kh8 16. Bf4 dxc5 17. Nxc5 Qe7 18. Rac1 Rae8 19. Qxb7 Rb8 20. Qxa7 Nf3+
21. Bxf3 Rxf4 22. Bxg4 Bxb2 23. Nd3 Rxg4 24. Rxc7 Qf8 25. Nxb2 1-0

[Event "III Festival A"]
[Site "Lido degli Estensi - Comacchio ITA"]
[Date "2002.06.15"]
[Round "8"]
[White "Chabanon, Jean-Luc"]
[Black "Lamoureux, Charles"]
[Result "1-0"]
[WhiteElo "2483"]
[BlackElo "2386"]
[PlyCount "65"]
[EventDate "2002.06.07"]

1. d4 Nf6 2. Nf3 d6 3. c4 c6 4. Nc3 Bf5 5. g3 Qc8 6. Bg2 Ne4 7. Qb3 Nxc3 8.
bxc3 g6 9. O-O Bg7 10. Re1 Na6 11. e4 Bd7 12. Rb1 O-O 13. e5 Bf5 14. Rb2 dxe5
15. Nxe5 Rb8 16. Qa3 Re8 17. Nf3 Be6 18. Bf4 Ra8 19. Nd2 b6 20. h4 Bf8 21. Rxe6
fxe6 22. Qa4 Nb8 23. Bh3 Bg7 24. Ne4 h6 25. d5 b5 26. Qc2 cxd5 27. cxd5 Kh8 28.
Bxe6 Nd7 29. Ng5 Qxc3 30. Qxg6 Nf8 31. Qh7+ Nxh7 32. Nf7+ Kg8 33. Ne5+ 1-0

[Event "III Festival A"]
[Site "Lido degli Estensi - Comacchio ITA"]
[Date "2002.06.15"]
[Round "8"]
[White "Chatalbashev, Boris"]
[Black "Georgiev, Vladimir"]
[Result "0-1"]
[WhiteElo "2537"]
[BlackElo "2502"]
[PlyCount "66"]
[EventDate "2002.06.07"]

1. d4 Nf6 2. Nf3 g6 3. Nc3 d5 4. Bf4 Bg7 5. e3 O-O 6. Be2 c6 7. Ne5 Nfd7 8. h4
f6 9. Nxd7 Nxd7 10. Qd2 e5 11. Bg3 b5 12. h5 Nb6 13. hxg6 hxg6 14. O-O-O Qe7
15. Rh4 exd4 16. exd4 b4 17. Nb1 Re8 18. Bd3 Nc4 19. Bxc4 dxc4 20. d5 cxd5 21.
Qxd5+ Be6 22. Qd6 f5 23. c3 Qg5+ 24. Rf4 Bf7 25. Nd2 bxc3 26. bxc3 Bxc3 27. Nf3
Qh6 28. Kc2 Qg7 29. Nd4 Rad8 30. Qc5 g5 31. Kxc3 gxf4 32. Bxf4 Rd5 33. Qxa7 Qg4
0-1

[Event "III Festival A"]
[Site "Lido degli Estensi - Comacchio ITA"]
[Date "2002.06.15"]
[Round "8"]
[White "Costantini, Laura"]
[Black "Dickhoff, Ronald"]
[Result "0-1"]
[WhiteElo "2058"]
[BlackElo "2230"]
[PlyCount "88"]
[EventDate "2002.06.07"]

1. e4 e6 2. d4 d5 3. Nc3 Bb4 4. e5 c5 5. a3 Bxc3+ 6. bxc3 Qc7 7. Qg4 f5 8. Qg3
cxd4 9. cxd4 Ne7 10. Bd2 O-O 11. Bd3 b6 12. Nf3 Ba6 13. Bxa6 Nxa6 14. c3 Nb8
15. O-O Nbc6 16. Bg5 Kh8 17. Qh4 Ng6 18. Qh5 Qf7 19. Bd2 Ngxe5 20. Qh3 Nxf3+
21. Qxf3 e5 22. dxe5 Nxe5 23. Qg3 f4 24. Qg5 Nc4 25. Rfd1 Rae8 26. Be1 Re5 27.
Qg4 Qe7 28. Qf3 Nxa3 29. Bd2 Nc4 30. Bxf4 Ref5 31. g3 g5 32. Rxd5 gxf4 33. Rxf5
Rxf5 34. Qd3 Nd6 35. Qd4+ Kg8 36. Rd1 Nf7 37. gxf4 Qc7 38. Kh1 Qc6+ 39. Kg1 Qf6
40. Qd7 Rxf4 41. Kh1 Rf5 42. f4 Rxf4 43. Rg1+ Kf8 44. Qc8+ Nd8 0-1

[Event "III Festival A"]
[Site "Lido degli Estensi - Comacchio ITA"]
[Date "2002.06.15"]
[Round "8"]
[White "De Marco, Walter"]
[Black "Lain, Luigi"]
[Result "1/2-1/2"]
[WhiteElo "1702"]
[BlackElo "2164"]
[PlyCount "58"]
[EventDate "2002.06.07"]

1. Nf3 d5 2. b3 c5 3. e3 Nc6 4. Bb5 Qc7 5. Bb2 Bg4 6. O-O e6 7. h3 Bh5 8. d4 f6
9. Nbd2 Bd6 10. Qc1 Nge7 11. dxc5 Bxc5 12. Nd4 Bxd4 13. exd4 g5 14. Re1 Bf7 15.
c4 O-O-O 16. cxd5 exd5 17. Qd1 h5 18. Qf3 Rh6 19. Nf1 Rg8 20. Bxc6 Nxc6 21.
Qf5+ Kb8 22. Rac1 Qd6 23. Re3 a6 24. a3 h4 25. Rce1 Rhg6 26. Nh2 Ka7 27. Ng4
Qf4 28. Qc2 Qd6 29. Qf5 Qf4 1/2-1/2

[Event "III Festival A"]
[Site "Lido degli Estensi - Comacchio ITA"]
[Date "2002.06.15"]
[Round "8"]
[White "Efimov, Igor"]
[Black "Galego, Luis"]
[Result "1-0"]
[WhiteElo "2446"]
[BlackElo "2532"]
[PlyCount "117"]
[EventDate "2002.06.07"]

1. d4 Nf6 2. c4 e6 3. Nf3 c5 4. d5 exd5 5. cxd5 d6 6. Nc3 g6 7. Bg5 Bg7 8. e3
O-O 9. Nd2 h6 10. Bh4 Na6 11. Bc4 Nc7 12. O-O a6 13. a4 Rb8 14. a5 b5 15. axb6
Rxb6 16. Ra2 Rb4 17. e4 Nb5 18. f4 g5 19. fxg5 Ng4 20. Bxb5 hxg5 21. Bxa6 gxh4
22. Bxc8 Qxc8 23. Qe1 f5 24. Qxh4 Rd4 25. Ra7 Qd8 26. Qxd8 Rxd8 27. Rxf5 Nh6
28. Rg5 Nf7 29. Rxg7+ Kxg7 30. Nf3 Kf6 31. Nxd4 cxd4 32. Nd1 Rc8 33. Kf1 Ng5
34. Nf2 Rc1+ 35. Ke2 Rc2+ 36. Ke1 Rxb2 37. h4 Nf7 38. Ra4 Rb1+ 39. Ke2 Rb2+ 40.
Ke1 Rb1+ 41. Nd1 Ke5 42. Kd2 Rb3 43. Ra7 Kf6 44. Ra4 Ke5 45. Nf2 Rb2+ 46. Ke1
Rb1+ 47. Ke2 Rb2+ 48. Kf3 Rb3+ 49. Kg4 d3 50. Kf3 d2+ 51. Ke2 Rg3 52. Kxd2 Rxg2
53. Ke2 Rg3 54. Ra7 Kf6 55. e5+ Kxe5 56. Rxf7 Kxd5 57. Rf5+ Ke6 58. Rf6+ Ke5
59. Rxd6 1-0